Teach yourself XML (Record no. 483249)
[ view plain ]
| 000 -LEADER | |
|---|---|
| fixed length control field | 00479 a2200169 4500 |
| 020 ## - INTERNATIONAL STANDARD BOOK NUMBER | |
| International Standard Book Number | 8126500530 |
| 082 ## - DEWEY DECIMAL CLASSIFICATION NUMBER | |
| Classification number | 005.72 |
| 090 ## - LOCALLY ASSIGNED LC-TYPE CALL NUMBER (OCLC); LOCAL CALL NUMBER (RLIN) | |
| -- | 2501 |
| -- | 2501 |
| 100 ## - MAIN ENTRY--PERSONAL NAME | |
| Personal name | Eddy, Sandra E. |
| 245 ## - TITLE STATEMENT | |
| Title | Teach yourself XML |
| Statement of responsibility, etc. | Sandra E.Eddy |
| 260 ## - PUBLICATION, DISTRIBUTION, ETC. | |
| Place of publication, distribution, etc. | Indianapolis : |
| Name of publisher, distributor, etc. | IDG Books, |
| Date of publication, distribution, etc. | c1999. |
| 300 ## - PHYSICAL DESCRIPTION | |
| Extent | xxii, 522 p. . ; |
| Other physical details | : ill |
| Dimensions | 23 cm |
| 500 ## - GENERAL NOTE | |
| General note | Includes bibliographical references and index |
| 650 ## - SUBJECT ADDED ENTRY--TOPICAL TERM | |
| Topical term or geographic name entry element | 1.XML (Document markup language) |
| 700 ## - ADDED ENTRY--PERSONAL NAME | |
| Personal name | John E.Schnyder |
| 942 ## - ADDED ENTRY ELEMENTS (KOHA) | |
| Koha item type | Book |
| Withdrawn status | Lost status | Damaged status | Not for loan | Collection code | Permanent Location | Current Location | Shelving location | Date acquired | Source of acquisition | Cost, normal purchase price | Total Checkouts | Full call number | Barcode | Date last seen | Price effective from | Koha item type |
|---|---|---|---|---|---|---|---|---|---|---|---|---|---|---|---|---|
| Central Library (CL) | Central Library (CL) | First Floor - Operating System/ Data Structure | 09/13/2001 | Pak American | 457.47 | 005.72 EDD | SEECS001383 | 11/14/2012 | 09/26/2018 | Book |
